Las invasiones: el segundo asalto contra la Europa cristiana, siglos VII-XI
Saved in:
| 主要作者: | |
|---|---|
| 格式: | 圖書 |
| 語言: | 西班牙语 |
| 出版: |
Barcelona
Labor
1968
|
| 叢編: | Nueva Clio. La Historia y sus Problemas, 12
|
| 主題: | |
| 標簽: |
添加標簽
沒有標簽, 成為第一個標記此記錄!
|
MARC
| LEADER | 00000nam a2200000 a 4500 | ||
|---|---|---|---|
| 001 | UCM4014 | ||
| 003 | CL-VaPUC | ||
| 008 | 020726e19680000SP |||||||||||||||||spa|d | ||
| 082 | 0 | 4 | |a 940.1 |b MUS |2 21 |
| 100 | |a Musset, Lucien |e autor |9 318898 | ||
| 245 | 1 | 4 | |a Las invasiones: el segundo asalto contra la Europa cristiana, siglos VII-XI |
| 300 | |a 259 p | ||
| 942 | |c BK | ||
| 945 | |d 20020726 00:00:00 |a vberengu | ||
| 260 | |a Barcelona |b Labor |c 1968 | ||
| 650 | 7 | |a HISTORIA DE EUROPA SIGLOS 7 - 11 |2 CL-VaPUC |9 470518 | |
| 650 | 7 | |a INVASIONES |2 CL-VaPUC |9 392362 | |
| 650 | 7 | |a ESLAVOS |2 CL-VaPUC |9 436240 | |
| 650 | 7 | |a HUNGAROS |2 CL-VaPUC |9 440832 | |
| 650 | 7 | |a ESCANDINAVOS |2 CL-VaPUC |9 439269 | |
| 650 | 0 | |a Vikingos |9 338002 | |
| 650 | 7 | |a SARRACENOS |2 CL-VaPUC |9 440833 | |
| 650 | 0 | |a Imperio carolingio |9 392797 | |
| 650 | 0 | |a Imperio Bizantino |9 315386 | |
| 651 | 0 | |a Europa |9 255156 | |
| 583 | |a last modification |c 20020726 00:00:00 |k Rodrigo Vera | ||
| 490 | 0 | |a Nueva Clio. La Historia y sus Problemas, 12 | |
| 999 | |c 300929 |d 300927 | ||
| 952 | |0 0 |1 0 |4 0 |6 940_100000000000000_MUS_1968 |7 0 |8 R |9 359345 |a BIBHIS |b BIBHIS |d 2019-11-21 |i 3824950 |l 14 |o 940.1 MUS 1968 |p 3824950 |r 2025-04-21 |s 2025-04-16 |w 2019-11-21 |y BK_R |k HIS | ||